Things Jose Loves! Quiz Stats

 Plays Quiz not verified by Sporcle

Score 0/10 Timer 10:00
0 Plays Today
Hint % Correct
he shouldn't love this but he doesharry potter
88.9%
personJoey Williams
77.8%
Ghost Busters
66.7%
Batman
44.4%
Jesus
33.3%
Love
22.2%
Converse all stars
22.2%
Hoodies
11.1%
Chicago
11.1%
JJ Alberhasky
11.1%

You're not logged in!

Compare scores with friends on all Sporcle quizzes.
OR
Log In

You Might Also Like...

Show Comments

Extras

Created Nov 2, 2009ReportNominate
Tags:jose, love

Top Quizzes Today


Score Distribution

Your Account Isn't Verified!

In order to create a playlist on Sporcle, you need to verify the email address you used during registration. Go to your Sporcle Settings to finish the process.

Report this User

Report this user for behavior that violates our Community Guidelines.

Details: